|
|
|
|
| LEADER |
00000nam0a2200000 4500 |
| 001 |
285974 |
| 005 |
20231101235840.0 |
| 020 |
|
|
|a RU
|b 85-50268
|
| 035 |
|
|
|a (RuTPU)RU\TPU\book\310262
|
| 090 |
|
|
|a 285974
|
| 100 |
|
|
|a 20150302d1985 km y0rusy5003 ca
|
| 101 |
0 |
|
|a rus
|
| 102 |
|
|
|a RU
|
| 105 |
|
|
|a a g 001zy
|
| 200 |
1 |
|
|a Промышленные изделия из благородных металлов и сплавов
|e справочник
|f Г. С. Хаяк, А. А. Куранов, М. А. Чебыкин
|
| 210 |
|
|
|a Москва
|c Металлургия
|d 1985
|
| 215 |
|
|
|a 263 с.
|c ил.
|d 20 см
|
| 320 |
|
|
|a Библиогр.: с. 259
|
| 320 |
|
|
|a Предметный указатель: с. 260-263
|
| 606 |
1 |
|
|a Благородные металлы
|x Металлургия
|2 stltpush
|3 (RuTPU)RU\TPU\subj\22020
|9 46913
|
| 610 |
1 |
|
|a слитки
|
| 610 |
1 |
|
|a сплавы благородных металлов
|
| 610 |
1 |
|
|a металлические изделия
|
| 610 |
1 |
|
|a порошки
|
| 610 |
1 |
|
|a плоский прокат
|
| 610 |
1 |
|
|a проволока
|
| 610 |
1 |
|
|a прутки
|
| 610 |
1 |
|
|a сетки
|
| 610 |
1 |
|
|a трубы
|
| 610 |
1 |
|
|a контакты
|
| 610 |
1 |
|
|a контактные детали
|
| 610 |
1 |
|
|a биметаллы
|
| 610 |
1 |
|
|a химический состав
|
| 610 |
1 |
|
|a анализ
|
| 610 |
1 |
|
|a справочники
|
| 675 |
|
|
|a 669.21/.23(035)
|z rus
|v 4
|
| 700 |
|
1 |
|a Хаяк
|b Г. С.
|g Григорий Соломонович
|
| 701 |
|
1 |
|a Куранов
|b А. А.
|g Альберт Александрович
|
| 701 |
|
1 |
|a Чебыкин
|b М. А.
|g Матвей Алексеевич
|
| 801 |
|
0 |
|a RU
|b RuMRKP
|c 19950704
|g psbo
|
| 801 |
|
1 |
|a RU
|b 63413507
|c 20150302
|
| 801 |
|
2 |
|a RU
|b 63413507
|c 20170627
|g RCR
|
| 942 |
|
|
|c BK
|